banner-ar

THE AMERICAN UNIVERSTY IN CAIRO 1919 -1987 / (Record no. 25875)

MARC details
000 -الفاتح
حقل البيانات ثابتة الطول 00519nam a2200193Ia 4500
008 - عناصر البيانات ثابتة الطول - معلومات عامة
حقل البيانات ثابتة الطول 140319s9999 xx 000 0 eng d
040 ## - مصدر الفهرسة
وكالة الفهرسة الأصلية GCL /
وكالة النسخ GCL
082 04 - رقم تصنيف ديوى العشرى
رقم التصنيف REF
رقم المادة 378.4
-- M A
100 1# - المدخل الرئيسى - إسم شخصى
الإسم الشخصى MARPHY ,LAWRACE R
245 10 - بيان العنوان
العنوان THE AMERICAN UNIVERSTY IN CAIRO 1919 -1987 /
بيان المسئوليه,etc MARPHY ,LAWRACE R
260 ## - PUBLICATION, DISTRIBUTION, ETC. (IMPRINT)
تاريخ النشر أو التوزيع 1987
300 ## - الوصف المادى
التعداد 288
650 04 - المدخل الاضافى بالموضوع-مصطلح موضوعى
مصطلح موضوعي UNIVERSITIES
650 04 - المدخل الاضافى بالموضوع-مصطلح موضوعى
مصطلح موضوعي EGYPT
650 04 - المدخل الاضافى بالموضوع-مصطلح موضوعى
مصطلح موضوعي EDUCATION
650 04 - المدخل الاضافى بالموضوع-مصطلح موضوعى
مصطلح موضوعي CAIRO
942 ## - عناصر المدخل الإضافي( كوها)
مصدر التصنيف او مخطط الترفيف Dewey Decimal Classification
Koha [default] item type الدوريات
260 ## - PUBLICATION, DISTRIBUTION, ETC. (IMPRINT)
-- [S.N] :
-- THE AMERICAN UNIVERSITY IN CAIRO PRESS ،
Holdings
حالة التراجع حالة الفقد حالة تلف ليس للاعارة المكان المؤقت الموقع الحالى تاريخ الاكتساب اجمالي اﻻعارات رقم الطلب الباركود تاريخ اخر مشاهدة تاريخ تفعيل السعر نوع وعاء كوها
        مكتبة القاهرة الكبرى مكتبة القاهرة الكبرى 03/26/2014   REF\378.4\M A 45915 03/26/2014 03/26/2014 الدوريات

Powered By

EGPV